[Event "Margate Thanet op"]
[Site "Margate"]
[Date "2012.08.18"]
[Round "3"]
[White "McCorry, Robert T"]
[Black "Bonafont, Philip"]
[Result "1-0"]
[WhiteElo "2053"]
[BlackElo "2051"]
[PlyCount "109"]
[EventDate "2012.08.17"]
[EventType "swiss"]
[EventRounds "5"]
[EventCountry "ENG"]
[SourceTitle "EXT 2019"]
[Source "ChessBase"]
[SourceDate "2018.10.10"]
[SourceVersion "1"]
[SourceVersionDate "2018.10.10"]
[SourceQuality "1"]

1. e4 c5 2. Nf3 d6 3. d4 cxd4 4. Nxd4 Nf6 5. Nc3 a6 6. Be2 e5 7. Nb3 Be7 8. Be3 Be6 9. 0-0 0-0 10. f4 exf4 11. Bxf4 Nc6 12. Qd2 b5 13. a3 Rc8 14. Rad1 Ne5 15. Kh1 Qc7 16. Nd4 Rfd8 17. Nxe6 fxe6 18. Qe3 Rb8 19. Rd2 b4 20. axb4 Rxb4 21. Bxe5 dxe5 22. Rxd8+ Bxd8 23. b3 Qc6 24. Bc4 Be7 25. Qa7 Rxc4 26. bxc4 Qxc4 27. Rf3 Bb4 28. Qb8+ Kf7 29. Qxe5 Bxc3 30. Qxc3 Qxe4 31. Qc7+ Kf8 32. h3 h6 33. Rb3 Kg8 34. Qd8+ Kf7 35. Qc7+ Kg8 36. Rb8+ Kh7 37. Qc3 Qf4 38. Rb1 e5 39. Qf3 Qg5 40. g4 Kg6 41. Rf1 e4 42. Qf5+ Qxf5 43. gxf5+ Kg5 44. c4 Nd7 45. Kg2 Nc5 46. Kg3 a5 47. h4+ Kf6 48. Kf4 a4 49. Rb1 Nb3 50. Rb2 e3 51. Re2 Nd2 52. c5 Nc4 53. Ke4 a3 54. Ra2 Ke7 55. Kd3 1-0

[Event "BCF-chT2 1011 (4NCL)"]
[Site "England"]
[Date "2011.03.26"]
[Round "7.44"]
[White "McCorry, Robert T"]
[Black "Tozer, Philip AA"]
[Result "1-0"]
[WhiteElo "2055"]
[BlackElo "2151"]
[PlyCount "45"]
[EventDate "2010.11.06"]
[EventType "team-swiss"]
[EventRounds "11"]
[EventCountry "ENG"]
[SourceTitle "EXT 2012"]
[Source "ChessBase"]
[SourceDate "2011.11.24"]
[SourceVersion "1"]
[SourceVersionDate "2011.11.24"]
[SourceQuality "1"]
[WhiteTeam "Poisoned Pawns II"]
[BlackTeam "Anglian Avengers"]
[WhiteTeamCountry "ENG"]
[BlackTeamCountry "ENG"]

1. c4 f5 2. g3 Nf6 3. Bg2 e6 4. Nc3 d5 5. cxd5 exd5 6. e3 c6 7. Nge2 Bd6 8. 0-0 0-0 9. a3 a5 10. b3 Be6 11. Bb2 Nbd7 12. Qc2 Qe7 13. Nd4 Ng4 14. Nce2 Nc5 15. b4 axb4 16. axb4 Rxa1 17. Rxa1 Ne4 18. f3 Nxh2 19. fxe4 fxe4 20. Nxe6 Qxe6 21. Kxh2 Qg4 22. Nf4 Bxf4 23. exf4 1-0

[Event "BCF-chT2c 0910 (4NCL) Promotion pool"]
[Site "England"]
[Date "2010.03.28"]
[Round "8.6"]
[White "McCorry, Robert T"]
[Black "Edgell, Ben P"]
[Result "1/2-1/2"]
[WhiteElo "2061"]
[BlackElo "2100"]
[PlyCount "82"]
[EventDate "2009.10.24"]
[EventType "team-tourn"]
[EventRounds "4"]
[EventCountry "ENG"]
[SourceTitle "EXT 2010"]
[Source "ChessBase"]
[SourceDate "2010.11.25"]
[SourceVersion "1"]
[SourceVersionDate "2010.11.25"]
[SourceQuality "1"]
[WhiteTeam "Poisoned Pawns II"]
[BlackTeam "Sambuca Sharks"]
[WhiteTeamCountry "ENG"]
[BlackTeamCountry "ENG"]

1. d4 Nf6 2. c4 e6 3. Nf3 b6 4. a3 Bb7 5. Nc3 d5 6. cxd5 exd5 7. Bg5 Be7 8. Qa4+ c6 9. Ne5 0-0 10. e3 Nfd7 11. Bxe7 Qxe7 12. Nxd7 Nxd7 13. Be2 a5 14. 0-0 f5 15. g3 Nf6 16. Rac1 Ne4 17. Qc2 Rf6 18. Na4 b5 19. Nc5 Nxc5 20. Qxc5 Re6 21. a4 Qxc5 22. Rxc5 b4 23. Bd3 g6 24. Re1 Kf7 25. f3 Ke7 26. Kf2 Kd6 27. e4 fxe4 28. fxe4 dxe4 29. Rxe4 Bc8 30. Ke3 Ra7 31. Bc4 Rxe4+ 32. Kxe4 Bf5+ 33. Kf4 h6 34. h4 Re7 35. Rxa5 Re4+ 36. Kf3 Rxd4 37. Bf7 Rd3+ 38. Kf4 Rd4+ 39. Kf3 Rd3+ 40. Kf4 Rd4+ 41. Kf3 Rd3+ 1/2-1/2

[Event "BCF-chT3 0809 (4NCL)"]
[Site "Hinckley Island"]
[Date "2009.05.04"]
[Round "11.4"]
[White "McCorry, Robert T"]
[Black "Lee, Martin"]
[Result "1-0"]
[WhiteElo "2045"]
[BlackElo "2050"]
[PlyCount "67"]
[EventDate "2008.10.18"]
[EventType "team-swiss"]
[EventRounds "11"]
[EventCountry "ENG"]
[SourceTitle "EXT 2010"]
[Source "ChessBase"]
[SourceDate "2010.11.25"]
[SourceVersion "1"]
[SourceVersionDate "2010.11.25"]
[SourceQuality "1"]
[WhiteTeam "Poisoned Pawns II"]
[BlackTeam "Hilsmark Coventry"]
[WhiteTeamCountry "ENG"]
[BlackTeamCountry "ENG"]

1. c4 g6 2. Nc3 Bg7 3. g3 Nf6 4. Bg2 0-0 5. d4 d6 6. Nf3 Nbd7 7. 0-0 c6 8. e4 e5 9. Qc2 Re8 10. Re1 Qb6 11. d5 c5 12. a3 a6 13. Rb1 Qc7 14. b4 cxb4 15. Rxb4 Nc5 16. Be3 Ng4 17. Bxc5 dxc5 18. Rb2 f5 19. Nd2 f4 20. Na4 Qf7 21. Nf3 fxg3 22. hxg3 Qf8 23. Nb6 Rb8 24. Nxc8 Rexc8 25. Rb6 Rd8 26. Ng5 Rd6 27. Ne6 Qe7 28. Reb1 Rxb6 29. Rxb6 Bh6 30. Bh3 Nf6 31. Qb2 Nd7 32. Rxb7 Rxb7 33. Qxb7 Qd6 34. Qc6 1-0